| 000 | 01688nam a22003617a 4500 | ||
|---|---|---|---|
| 001 | 100821 | ||
| 003 | KnowledgeUnlatched | ||
| 005 | 20210303105141.0 | ||
| 006 | m o d | ||
| 007 | cr u|||||||||| | ||
| 008 | 210129p20142019vau o u00| u eng d | ||
| 037 | _5BiblioBoard | ||
| 245 | 0 | 4 |
_aThe Psychology of Becoming a Successful Worker _cKaarina Maatta, Satu Uusiautti. |
| 020 | _a9781315766515 | ||
| 029 | 1 | _ahttps://library.biblioboard.com/ext/api/media/e8df2350-79f1-415d-a129-87fa1b56ab05/assets/thumbnail.jpg | |
| 040 |
_aScCtBLL _cScCtBLL |
||
| 100 | 1 |
_aMaatta, Kaarina _eauthor. |
|
| 506 | 0 |
_aAccess copy available to the general public. _fUnrestricted _2star |
|
| 700 | 1 |
_aUusiautti, Satu _eauthor. |
|
| 264 | 1 | _bRoutledge, | |
| 300 | _a1 online resource (158 p.) | ||
| 520 | _aBased on the authors' in-depth research into the phenomenon of success at work, this book provides a positive human-strength based approach to success and offers a fresh viewpoint on the modern, demanding and hectic work life | ||
| 588 | 0 | _aDescription based on print version record. | |
| 590 | _aKU Select 2017: Backlist Collection | ||
| 650 | 7 |
_aPsychology / Industrial & Organizational Psychology _2bisacsh |
|
| 650 | 0 | _aPsychology | |
| 655 | 0 | _aElectronic books. | |
| 758 |
_iIs found in: _aKnowledge Unlatched _1https://openresearchlibrary.org/module/2774bc74-146a-484f-a7ba-ab1d6a09bbfb |
||
| 856 | 4 | 0 |
_uhttps://openresearchlibrary.org/content/e8df2350-79f1-415d-a129-87fa1b56ab05 _zView this content on Open Research Library. _70 |
| 999 |
_c33775 _d33775 |
||